书目信息 |
| 题名: |
科技信息检索
|
|
| 作者: | 高祀亮 , 顾海明 , 李德成 编著 | |
| 分册: | ||
| 出版信息: | 北京 国防工业出版社 2005.8 |
|
| 页数: | 201页 | |
| 开本: | 23cm | |
| 丛书名: | ||
| 单 册: | ||
| 中图分类: | G354.2 , G252.7 | |
| 科图分类: | ||
| 主题词: | 科技情报--ke ji qing bao--情报检索 , 情报检索--qing bao jian suo , 图书馆学 , 图书馆事业 | |
| 电子资源: | ||
| ISBN: | 7-118-04035-5 | |
| 000 | 01006cam0 2200301 450 | |
| 001 | 012006014984 | |
| 005 | 20060329101010.1 | |
| 010 | @a7-118-04035-5@dCNY18.00 | |
| 100 | @a20050716d2005 em y0chiy0121 ea | |
| 101 | 0 | @achi |
| 102 | @aCN@b110000 | |
| 105 | @ay z 000yy | |
| 200 | 1 | @a科技信息检索@Ake ji xin xi jian suo@f高祀亮,顾海明,李德成编著 |
| 210 | @a北京@c国防工业出版社@d2005.8 | |
| 215 | @a201页@d23cm | |
| 330 | @a本书以最新检索理论、检索技术为主线,分别介绍了中、外文著名的检索工具及数据库,对同一检索工具及其数据库同时介绍用传统检索手法和现代检索手段进行检索的方法。 | |
| 606 | 0 | @a科技情报@Ake ji qing bao@x情报检索 |
| 606 | 0 | @a情报检索@Aqing bao jian suo |
| 606 | 0 | @a图书馆学 |
| 606 | 0 | @a图书馆事业 |
| 690 | @aG354.2@v4 | |
| 690 | @aG252.7@v3 | |
| 701 | 0 | @a高祀亮@Agao si liang@4编著 |
| 701 | 0 | @a顾海明@Agu hai ming@4编著 |
| 701 | 0 | @a李德成@Ali de cheng@4编著 |
| 801 | 0 | @aCN@bSRXX@c20051027 |
| 801 | 2 | @aCN@bSRXX@c20060329 |
| 905 | @a10447@dG252.7@eG170 | |
| 科技信息检索/高祀亮,顾海明,李德成编著.-北京:国防工业出版社,2005.8 |
| 201页;23cm |
| ISBN 7-118-04035-5:CNY18.00 |
| 本书以最新检索理论、检索技术为主线,分别介绍了中、外文著名的检索工具及数据库,对同一检索工具及其数据库同时介绍用传统检索手法和现代检索手段进行检索的方法。 |
| ● |
| 相关链接 |
|
|
|
正题名:科技信息检索
索取号:G252.7/G170
 
预约/预借
| 序号 | 登录号 | 条形码 | 馆藏地/架位号 | 状态 | 备注 |
| 1 | 549336 | 205493367 | 社科库409/409社科库 59排3列1层/ [索取号:G252.7/G170] | 在馆 | |
| 2 | 549337 | 205493376 | 社科库409/409社科库 59排3列1层/ [索取号:G252.7/G170] | 在馆 |